| 000 | 00803nas a2200265 4500 | ||
|---|---|---|---|
| 001 | BR0202724 | ||
| 003 | BR-BrBNA | ||
| 005 | 20231205103013.0 | ||
| 007 | ta | ||
| 008 | 230509b bl.|||p| |||| 00| 00por d | ||
| 040 |
_aBR-BrBNA _bpor _cBiblioteca Nacional de Agricultura |
||
| 041 | _a(Pt) | ||
| 072 | _aE72 | ||
| 100 | 1 | _aPerobelli, F. | |
| 100 | 1 | _aCamargo, P.P. de | |
| 245 | 1 | _aO ano que passou marcou o amadurecimento e a evolução dos mercados futuros de ativos agropecuários | |
| 650 | _aPECUÁRIA | ||
| 650 | _aAGRICULTURA | ||
| 650 | _aMERCADO NACIONAL | ||
| 650 | _aBOLSA DE MERCADORIAS | ||
| 650 | _aCOTAÇÃO | ||
| 773 | 0 |
_tAgroanalysis (Brazil) _xISSN 100-4298 _g(Jan 2002), v. 22(1) p. 41-43 _wBR0202724 |
|
| 909 |
_a202311 _bLúcia _c55 _dLúcia Elande |
||
| 942 |
_2AGRIS _n0 _cANA |
||
| 999 |
_c170507 _d170507 |
||